000 00656nam a2200265Ia 4500
003 OSt
005 20220912152737.0
006 a|||||r|||| 00| 0
007 ta
008 220909b |||||||| |||| 00| 0 eng d
024 _a36760
037 _cTextual
040 _aCSL
_beng
_cCSL
041 _aeng
082 _aE3051:92ZK, K8.2;1
100 _aSmith I Ed.
245 0 _aChromatographic and electrophoretic techniques
250 _aEd 2nd
260 _c1968
300 _ap.
_ccm.
650 _a Chemistry
650 _aChromatography
942 _hE3051:92ZK, K8.2;1
_cTEXL
_2CC
999 _c90937
_d90937